Normal view
MARC view
Entry Corporate Name
001 - CONTROL NUMBER
- control field: 631868
003 - CONTROL NUMBER IDENTIFIER
- control field: OSt
005 - DATE AND TIME OF LATEST TRANSACTION
- control field: 20221005122356.0
008 - FIXED-LENGTH DATA ELEMENTS
- fixed length control field: 221005|| aca||aabn | a|a d
040 ## - CATALOGING SOURCE
- Original cataloging agency: OSt
- Transcribing agency: OSt
110 ## - HEADING--CORPORATE NAME
- Corporate name or jurisdiction name as entry element: Ministry of information and broadcasting government of India (India)
670 ## - SOURCE DATA FOUND
- Source citation: Work cat.: (OSt)1044089: Ministry of information and broadcasting government of India (India), Jawaharlal Nehru's speeches 1949 - 1953, 1954
